| 000 | 00506cab a2200205 4500 | ||
|---|---|---|---|
| 001 | ABS49431 | ||
| 008 | 090401t1993 xxu||||| |||| 00| 0 eng d | ||
| 035 | _a(Sirsi) u71209 | ||
| 041 | _aeng | ||
| 245 | _aBlythswood House | ||
| 260 | _c1993 | ||
| 350 | _a0 | ||
| 490 |
_aArchitects` Journal _v198(13) 6 October 1993, 33-43(9) |
||
| 650 | _aCOSTS | ||
| 650 | _aDISABLE HOUSING | ||
| 650 | _aRESIDENTIAL HOMES | ||
| 690 | _aBUILDING AND CONSTRUCTION-PROJECTS | ||
| 942 | _n0 | ||
| 948 | _c04/03/1997 | ||
| 999 |
_c44861 _d44861 |
||